000
00262nam a2200109Ia 4500
008
220204s9999 xx 000 0 und d
082
_a
005
_b
SCI.4
100
_a
Parasnis, M A
245
0
_a
Science in action. V 4
260
_a
Delhi
_b
Macmillan
_c
1977
942
_c
BK
999
_c
25105
_d
25105